| 000 | 00436nam a22001697a 4500 | ||
|---|---|---|---|
| 999 |
_c3443 _d3442 |
||
| 005 | 20210927141850.0 | ||
| 008 | 160621b xxu||||| |||| 00| 0 eng d | ||
| 020 | _a978-81-7758-813-2 | ||
| 041 | _aeng | ||
| 082 |
_b8818 _a331 |
||
| 100 |
_aSinha, P.P.N and others _92429 |
||
| 245 | _aIndustrial Relations Trade Unions and labour Legislation | ||
| 260 |
_bPearsen _c2009 |
||
| 300 | _a613 | ||
| 650 |
_aManagement _9241 |
||
| 942 | _cBK | ||